000 00897caa a22002417a 4500
999 _c413732
_d413732
001 126513
003 UA-OsUOA
005 20200116155225.0
007 ta
008 20171026b un ||||| |||| 00| 0 ukr d
040 _aUA-OsUOA
_bukr
_cUA-OsUOA
_dUA-OsUOA
041 _aukr
080 _a908
090 _a908
_bС91
100 _aСущук О.
245 _aРадянські державно-пролітичні органи та релігія і церква у Волинській області (1944–1953)
_cО. Сущук
300 _aС. 204–212
650 7 _a908 Краєзнавство
_2UDC
773 0 _0364095
_9387690
_dОстрог НаУОА 2008
_o134092
_tНаукові записки. Серія "Історичні науки"
_w(UA-OsUOA) 77792
942 _cBKA
_2udc
955 _a1